Welcome to the Holygrace Academy Library

Please use search bar below to get started

VIBRAMAKASAM (Record no. 1539)

MARC details
000 -LEADER
fixed length control field 00290nam a22001217a 4500
082 ## - DEWEY DECIMAL CLASSIFICATION NUMBER
Classification number 894.812.3
Item number RAJ/V
100 ## - MAIN ENTRY--AUTHOR NAME
Personal name RAJEEV KUMAR , M
245 ## - TITLE STATEMENT
Title VIBRAMAKASAM
260 ## - PUBLICATION, DISTRIBUTION, ETC. (IMPRINT)
Place of publication THIRUVANANTHAPURAM
Name of publisher PARIDHI PUBLICATIONS
300 ## - PHYSICAL DESCRIPTION
Number of Pages 108
650 ## - SUBJECT ADDED ENTRY--TOPICAL TERM
Topical Term MALAYALAM SHORT STORY
Geographic subdivision KERALA
942 ## - ADDED ENTRY ELEMENTS (KOHA)
Koha item type Books
Holdings
Withdrawn status Lost status Collection code Home library Current library Shelving location Date acquired Source of acquisition Cost, normal purchase price Full call number Accession Number Koha item type
    Fiction Main Library Main Library SHELF-6D- MALAYALAM SHORT STORIES 12/01/2005 PURCHASE 108.00 894.812.3 RAJ/V 01955 Books